[Event "EYCC 2024 - O08"]
[Site "?"]
[Date "2024.08.26"]
[Round "5.1"]
[White "Bartzos, Iasonas"]
[Black "Hanas, Markiyan"]
[Result "0-1"]
[BlackElo "1652"]
[WhiteElo "1583"]
[LiveChessVersion "1.4.8"]

1. e4 {[%clk 1:30:56]} c5 {[%clk 1:30:00]} 2. Nf3 {[%clk 1:31:14]} e6
{[%clk 1:29:20]} 3. d4 {[%clk 1:31:26]} cxd4 {[%clk 1:28:51]} 4. Nxd4
{[%clk 1:31:49]} Nc6 {[%clk 1:28:20]} 5. c4 {[%clk 1:10:51]} Nf6 {[%clk 1:24:12]}
6. Nc3 {[%clk 1:09:55]} Bb4 {[%clk 1:22:21]} 7. f3 {[%clk 1:09:20]} d5
{[%clk 1:18:01]} 8. cxd5 {[%clk 0:59:23]} exd5 {[%clk 1:15:20]} 9. Nxc6
{[%clk 0:55:38]} bxc6 {[%clk 1:14:56]} 10. exd5 {[%clk 0:51:06]} Nxd5
{[%clk 1:13:45]} 11. Bd2 {[%clk 0:34:15]} Bc5 {[%clk 0:57:39]} 12. Nxd5
{[%clk 0:32:03]} cxd5 {[%clk 0:55:28]} 13. Bb5+ {[%clk 0:31:50]} Bd7
{[%clk 0:51:26]} 14. Bxd7+ {[%clk 0:31:57]} Qxd7 {[%clk 0:51:37]} 15. Qe2+
{[%clk 0:32:08]} Kf8 {[%clk 0:51:19]} 16. Kf1 {[%clk 0:23:52]} Rb8
{[%clk 0:45:30]} 17. b3 {[%clk 0:15:01]} Qf5 {[%clk 0:34:13]} 18. Re1
{[%clk 0:13:34]} Rc8 {[%clk 0:23:10]} 19. Be3 {[%clk 0:12:27]} Bb4
{[%clk 0:16:55]} 20. Bd2 {[%clk 0:10:43]} Bd6 {[%clk 0:14:17]} 21. Qa6
{[%clk 0:10:25]} Qd7 {[%clk 0:12:32]} 22. Be3 {[%clk 0:09:27]} f6
{[%clk 0:09:08]} 23. Qa5 {[%clk 0:09:07]} Be5 {[%clk 0:08:26]} 24. Qxa7
{[%clk 0:07:47]} Qb5+ {[%clk 0:07:26]} 25. Kg1 {[%clk 0:06:46]} Bc3
{[%clk 0:04:31]} 26. Bd2 {[%clk 0:05:11]} Be5 {[%clk 0:03:36]} 27. Qa3+
{[%clk 0:03:46]} Kf7 {[%clk 0:03:22]} 28. Qb4 {[%clk 0:02:56]} Qxb4
{[%clk 0:03:00]} 29. Bxb4 {[%clk 0:03:18]} Rc2 {[%clk 0:03:27]} 30. Rd1
{[%clk 0:02:59]} Rxa2 {[%clk 0:03:36]} 31. Be1 {[%clk 0:03:07]} Rc8
{[%clk 0:03:10]} 32. g3 {[%clk 0:02:46]} Rcc2 {[%clk 0:02:46]} 33. f4
{[%clk 0:02:56]} Ra1 {[%clk 0:02:24]} 34. Rxa1 {[%clk 0:02:53]} Bxa1
{[%clk 0:02:51]} 35. Bf2 {[%clk 0:02:00]} Ke6 {[%clk 0:02:36]} 36. Kg2
{[%clk 0:02:19]} Bd4 {[%clk 0:02:53]} 37. Rf1 {[%clk 0:02:07]} Rb2
{[%clk 0:02:59]} 38. Kf3 {[%clk 0:02:01]} Rxb3+ {[%clk 0:03:16]} 39. Kg4
{[%clk 0:02:00]} Bc3 {[%clk 0:03:01]} 40. f5+ {[%clk 0:02:13]} Ke5 41. Rd1
{[%clk 0:01:21]} Rb2 {[%clk 0:02:49]} 42. Be3 {[%clk 0:00:43]} Rxh2 43. Bf4+
{[%clk 0:00:55]} Ke4 {[%clk 0:03:03]} 44. Bh6 {[%clk 0:00:44]} Rxh6
{[%clk 0:02:56]} 45. Rh1 Kd3 {[%clk 0:02:56]} 46. Rd1+ {[%clk 0:00:42]} Bd2
{[%clk 0:03:09]} 47. Rf1 {[%clk 0:00:36]} Kc2 {[%clk 0:03:19]} 48. Rf2
{[%clk 0:00:34]} d4 {[%clk 0:03:39]} 49. Rf3 {[%clk 0:00:53]} d3 {[%clk 0:03:59]}
50. Rf1 {[%clk 0:01:08]} Bc1 {[%clk 0:04:13]} 51. Rf2+ {[%clk 0:01:22]} d2
{[%clk 0:04:36]} 52. Rf3 {[%clk 0:01:30]} g6 {[%clk 0:04:48]} 53. Rf2
{[%clk 0:01:09]} Kd3 {[%clk 0:05:04]} 54. fxg6 {[%clk 0:01:06]} d1=Q+
{[%clk 0:05:25]} 55. Rf3+ {[%clk 0:01:24]} Ke4 {[%clk 0:05:51]} 56. gxh7
{[%clk 0:03:33]} f5# {[%clk 0:06:09]} 0-1

[Event "EYCC 2024 - O08"]
[Site "?"]
[Date "2024.08.26"]
[Round "5.2"]
[White "Protopopescu, Luca"]
[Black "Demchenko, Timofei"]
[Result "0-1"]
[BlackElo "1769"]
[WhiteElo "1849"]
[LiveChessVersion "1.4.8"]

1. g3 {[%clk 1:30:57]} d5 {[%clk 1:30:34]} 2. Bg2 {[%clk 1:31:21]} e5
{[%clk 1:30:25]} 3. d4 {[%clk 1:31:41]} exd4 {[%clk 1:27:45]} 4. Qxd4
{[%clk 1:31:58]} Nf6 {[%clk 1:27:48]} 5. Bg5 {[%clk 1:32:06]} Be7
{[%clk 1:26:13]} 6. Nc3 {[%clk 1:32:03]} c6 {[%clk 1:20:32]} 7. O-O-O
{[%clk 1:26:54]} Be6 {[%clk 1:12:11]} 8. Nh3 {[%clk 1:24:43]} h6 {[%clk 1:07:14]}
9. Bxf6 {[%clk 1:24:48]} Bxf6 {[%clk 1:07:33]} 10. Qb4 {[%clk 1:25:12]} Qb6
{[%clk 1:00:43]} 11. Qxb6 {[%clk 1:23:39]} axb6 {[%clk 1:01:02]} 12. Kd2
{[%clk 1:23:46]} Bxc3+ {[%clk 0:57:37]} 13. Kxc3 {[%clk 1:23:58]} Rxa2
{[%clk 0:56:13]} 14. Nf4 {[%clk 1:24:05]} O-O {[%clk 0:53:56]} 15. e3
{[%clk 1:23:35]} Nd7 {[%clk 0:53:01]} 16. Ra1 {[%clk 1:23:46]} Rfa8
{[%clk 0:52:32]} 17. Rxa2 {[%clk 1:24:07]} Rxa2 {[%clk 0:52:55]} 18. Kb3
{[%clk 1:23:43]} Ra5 {[%clk 0:52:05]} 19. Nxe6 {[%clk 1:23:41]} fxe6
{[%clk 0:52:25]} 20. Kc3 {[%clk 1:22:21]} c5 {[%clk 0:48:46]} 21. Kd2
{[%clk 1:21:44]} Ne5 {[%clk 0:47:27]} 22. b3 {[%clk 1:19:05]} b5 {[%clk 0:40:09]}
23. f4 {[%clk 1:18:18]} Nc6 {[%clk 0:36:40]} 24. Kc1 {[%clk 1:17:15]} Nb4
{[%clk 0:35:14]} 25. Kb1 {[%clk 1:17:38]} Nxc2 {[%clk 0:34:48]} 26. Rc1
{[%clk 1:17:06]} Nxe3 {[%clk 0:33:13]} 27. Bh3 {[%clk 1:17:29]} Kf7
{[%clk 0:30:36]} 28. Rxc5 {[%clk 1:17:35]} d4 {[%clk 0:27:25]} 29. Re5
{[%clk 1:13:23]} Ra6 {[%clk 0:23:27]} 30. Kc1 {[%clk 1:10:27]} b4
{[%clk 0:18:51]} 31. Kd2 {[%clk 1:09:33]} Rc6 {[%clk 0:18:12]} 32. Rb5
{[%clk 1:08:39]} Rc2+ {[%clk 0:16:06]} 33. Kd3 {[%clk 1:08:50]} Rxh2
{[%clk 0:14:40]} 34. Rxb7+ {[%clk 1:08:29]} Kf6 {[%clk 0:14:34]} 35. Bxe6
{[%clk 1:07:15]} Kxe6 {[%clk 0:14:29]} 36. Rxb4 {[%clk 1:07:22]} Rh3
{[%clk 0:13:50]} 37. Rxd4 {[%clk 1:07:40]} Nf5 {[%clk 0:12:41]} 38. Re4+
{[%clk 1:07:56]} Kd7 {[%clk 0:12:29]} 39. b4 {[%clk 1:07:39]} Rxg3+
{[%clk 0:12:49]} 40. Kd2 {[%clk 1:06:26]} h5 {[%clk 0:12:53]} 41. Ke1
{[%clk 1:06:16]} Re3+ {[%clk 0:12:48]} 42. Rxe3 {[%clk 1:06:38]} Nxe3
{[%clk 0:13:11]} 43. Kf2 {[%clk 1:07:02]} Nd5 {[%clk 0:13:31]} 44. Kg3
{[%clk 1:07:27]} Nxf4 {[%clk 0:11:55]} 45. Kxf4 {[%clk 1:07:49]} Kc6
{[%clk 0:12:21]} 46. Kg5 {[%clk 1:07:55]} g6 {[%clk 0:12:44]} 0-1

[Event "EYCC 2024 - O08"]
[Site "?"]
[Date "2024.08.26"]
[Round "5.3"]
[White "Hu, Junyan"]
[Black "Aker, Meric Zeynel"]
[Result "1-0"]
[BlackElo "1676"]
[WhiteElo "1720"]
[LiveChessVersion "1.4.8"]

1. e4 {[%clk 1:30:50]} e6 {[%clk 1:30:59]} 2. d4 {[%clk 1:31:09]} d5
{[%clk 1:31:26]} 3. e5 {[%clk 1:31:21]} c5 {[%clk 1:30:44]} 4. c3
{[%clk 1:31:27]} Nc6 {[%clk 1:31:04]} 5. Nf3 {[%clk 1:31:49]} Qb6
{[%clk 1:29:14]} 6. a3 {[%clk 1:32:07]} c4 {[%clk 1:28:29]} 7. Nbd2
{[%clk 1:32:21]} Na5 {[%clk 1:27:13]} 8. g3 {[%clk 1:32:36]} Bd7 {[%clk 1:24:45]}
9. h4 {[%clk 1:32:11]} Ne7 {[%clk 1:22:27]} 10. Bh3 {[%clk 1:31:42]} h6
{[%clk 1:21:10]} 11. O-O {[%clk 1:31:16]} O-O-O {[%clk 1:19:34]} 12. Rb1
{[%clk 1:29:11]} Kb8 {[%clk 1:18:24]} 13. Ne1 {[%clk 1:29:03]} Nc8
{[%clk 1:16:24]} 14. f4 {[%clk 1:28:46]} g6 {[%clk 1:14:32]} 15. h5
{[%clk 1:26:43]} Be7 {[%clk 1:13:19]} 16. Kh2 {[%clk 1:26:07]} Qc7
{[%clk 1:09:53]} 17. Qe2 {[%clk 1:25:46]} Rdg8 {[%clk 1:07:02]} 18. hxg6
{[%clk 1:23:25]} fxg6 {[%clk 1:06:17]} 19. Ndf3 {[%clk 1:18:17]} g5
{[%clk 1:04:12]} 20. Ng1 {[%clk 1:13:29]} gxf4 {[%clk 1:02:18]} 21. Bxf4
{[%clk 1:12:23]} Bg5 {[%clk 0:46:51]} 22. Ng2 {[%clk 1:12:10]} Ne7
{[%clk 0:44:46]} 23. Qe3 {[%clk 1:05:40]} Rg6 {[%clk 0:39:16]} 24. Ne2
{[%clk 0:58:56]} Ba4 {[%clk 0:34:08]} 25. Qd2 {[%clk 0:56:05]} Nb3
{[%clk 0:30:50]} 26. Qe1 {[%clk 0:55:02]} Na5 {[%clk 0:30:06]} 27. Ne3
{[%clk 0:54:59]} Qc8 {[%clk 0:25:19]} 28. Rf2 {[%clk 0:48:08]} Rhg8
{[%clk 0:23:22]} 29. Rg2 {[%clk 0:46:34]} Bd7 {[%clk 0:21:11]} 30. Qf2
{[%clk 0:41:01]} Nb3 {[%clk 0:21:19]} 31. Ng4 {[%clk 0:37:30]} Nf5
{[%clk 0:19:39]} 32. Nf6 {[%clk 0:31:40]} Bxf6 {[%clk 0:15:38]} 33. exf6+
{[%clk 0:31:59]} Ka8 {[%clk 0:15:59]} 34. g4 {[%clk 0:32:13]} Rxf6
{[%clk 0:15:14]} 35. gxf5 {[%clk 0:32:38]} Rgf8 {[%clk 0:14:58]} 36. Ng3
{[%clk 0:30:41]} exf5 {[%clk 0:15:18]} 37. Re1 {[%clk 0:29:51]} Re8
{[%clk 0:13:57]} 38. Rxe8 {[%clk 0:29:30]} Qxe8 {[%clk 0:14:25]} 39. Be5
{[%clk 0:28:14]} Rf7 {[%clk 0:14:42]} 40. Qf4 {[%clk 0:28:04]} Qf8
{[%clk 0:14:37]} 41. Nh5 {[%clk 0:27:22]} 1-0

[Event "EYCC 2024 - O08"]
[Site "?"]
[Date "2024.08.26"]
[Round "5.4"]
[White "Badescu, Matei-Andrei"]
[Black "Szumiec, Jan"]
[Result "1/2-1/2"]
[BlackElo "1560"]
[WhiteElo "1791"]
[LiveChessVersion "1.4.8"]

1. e4 {[%clk 1:30:57]} c5 {[%clk 1:30:37]} 2. c3 {[%clk 1:31:19]} Nf6
{[%clk 1:30:59]} 3. e5 {[%clk 1:31:42]} Nd5 {[%clk 1:31:18]} 4. d4
{[%clk 1:31:57]} cxd4 {[%clk 1:31:25]} 5. Nf3 {[%clk 1:32:08]} Nc6
{[%clk 1:30:09]} 6. cxd4 {[%clk 1:32:11]} d6 {[%clk 1:29:59]} 7. Bc4
{[%clk 1:32:29]} Nb6 {[%clk 1:29:57]} 8. Bb5 {[%clk 1:32:47]} Bd7
{[%clk 1:28:56]} 9. exd6 {[%clk 1:32:45]} e6 {[%clk 1:28:34]} 10. Nc3
{[%clk 1:32:41]} Bxd6 {[%clk 1:27:37]} 11. O-O {[%clk 1:32:37]} O-O
{[%clk 1:26:54]} 12. Re1 {[%clk 1:31:54]} Rc8 {[%clk 1:17:40]} 13. Bd3
{[%clk 1:30:25]} h6 {[%clk 1:10:31]} 14. Bb1 {[%clk 1:30:03]} Nb4
{[%clk 1:10:48]} 15. a3 {[%clk 1:30:02]} N4d5 {[%clk 1:11:10]} 16. Qd3
{[%clk 1:30:23]} Nf6 {[%clk 1:11:12]} 17. Ne4 {[%clk 1:30:01]} Nxe4
{[%clk 1:06:47]} 18. Qxe4 {[%clk 1:30:14]} f5 {[%clk 1:07:01]} 19. Qd3
{[%clk 1:30:24]} Bc6 {[%clk 1:05:27]} 20. Ba2 {[%clk 1:29:43]} Bd5
{[%clk 0:53:21]} 21. Bxd5 {[%clk 1:29:37]} exd5 {[%clk 0:51:15]} 22. Bd2
{[%clk 1:28:32]} Bb8 {[%clk 0:39:35]} 23. Bb4 {[%clk 1:28:37]} Bd6
{[%clk 0:38:23]} 24. Bxd6 {[%clk 1:28:58]} Qxd6 {[%clk 0:38:46]} 25. b3
{[%clk 1:29:07]} Nd7 {[%clk 0:38:11]} 26. h3 {[%clk 1:27:24]} Nf6
{[%clk 0:36:49]} 27. Qxf5 {[%clk 1:27:08]} Ne4 {[%clk 0:33:17]} 28. Qe5
{[%clk 1:26:14]} Qd7 {[%clk 0:29:55]} 29. Rac1 {[%clk 1:25:27]} Qf7
{[%clk 0:23:39]} 30. Rf1 {[%clk 1:19:12]} Rxc1 {[%clk 0:21:32]} 31. Rxc1
{[%clk 1:19:06]} Nd2 {[%clk 0:17:46]} 32. Nxd2 {[%clk 1:16:12]} Qxf2+
{[%clk 0:16:27]} 33. Kh1 {[%clk 1:16:33]} Qxd2 {[%clk 0:16:50]} 34. Qxd5+
{[%clk 1:16:52]} Kh8 {[%clk 0:17:09]} 35. Rg1 {[%clk 1:17:08]} Rf4
{[%clk 0:15:43]} 36. Qxb7 {[%clk 1:17:09]} Qxd4 {[%clk 0:15:57]} 37. Qc8+
{[%clk 1:16:41]} Kh7 {[%clk 0:16:15]} 38. Qc2+ {[%clk 1:17:02]} Kh8
{[%clk 0:16:07]} 39. Re1 {[%clk 1:17:01]} Qd6 {[%clk 0:15:29]} 40. b4
{[%clk 1:16:39]} Rf8 {[%clk 0:15:19]} 41. Qc3 {[%clk 1:14:35]} Qa6
{[%clk 0:14:37]} 42. Qe3 {[%clk 1:13:35]} Rf1+ {[%clk 0:13:10]} 43. Rxf1
{[%clk 1:13:58]} Qxf1+ {[%clk 0:13:30]} 44. Kh2 {[%clk 1:13:58]} Qa6
{[%clk 0:12:45]} 45. Qc1 {[%clk 1:13:20]} Qd6+ {[%clk 0:12:47]} 46. Kh1
{[%clk 1:13:43]} Qd7 {[%clk 0:13:10]} 47. Qa1 {[%clk 1:13:32]} Qa4 48. Qc3
{[%clk 1:13:20]} Qd1+ {[%clk 0:12:59]} 49. Kh2 {[%clk 1:13:16]} Qd6+
{[%clk 0:13:21]} 50. Qg3 {[%clk 1:13:38]} Qb6 {[%clk 0:12:54]} 51. h4
{[%clk 1:13:37]} Qb7 {[%clk 0:13:01]} 52. Qe5 {[%clk 1:13:39]} Qa6
{[%clk 0:12:32]} 53. Qg3 {[%clk 1:13:44]} Qb7 {[%clk 0:12:57]} 54. h5
{[%clk 1:13:56]} Qb5 {[%clk 0:12:23]} 55. Qf3 {[%clk 1:13:52]} Qe5+
{[%clk 0:12:37]} 56. Kh3 {[%clk 1:14:07]} Qe6+ {[%clk 0:12:46]} 57. Kh4
{[%clk 1:13:53]} Qe7+ {[%clk 0:12:58]} 58. Kg3 {[%clk 1:14:02]} Qe5+
{[%clk 0:13:15]} 59. Kg4 {[%clk 1:14:14]} Qe6+ {[%clk 0:13:31]} 60. Kf4
{[%clk 1:14:37]} Qf6+ {[%clk 0:13:25]} 61. Ke3 {[%clk 1:13:34]} Qc3+
{[%clk 0:13:40]} 62. Ke4 {[%clk 1:13:38]} Qc4+ {[%clk 0:13:47]} 63. Ke5
{[%clk 1:13:57]} Qc7+ {[%clk 0:14:10]} 64. Kd4 {[%clk 1:14:13]} Qd6+
{[%clk 0:13:22]} 65. Kc4 {[%clk 1:14:27]} Qe6+ {[%clk 0:13:38]} 66. Kb5
{[%clk 1:14:11]} Qb6+ {[%clk 0:13:46]} 67. Kc4 {[%clk 1:14:33]} Qe6+
{[%clk 0:14:10]} 68. Kc3 {[%clk 1:14:14]} Qe1+ {[%clk 0:14:24]} 69. Kb3
{[%clk 1:14:31]} Qe6+ {[%clk 0:14:14]} 70. Kc3 {[%clk 1:14:11]} Qe5+
{[%clk 0:14:35]} 71. Kc4 {[%clk 1:14:31]} Qe6+ {[%clk 0:14:54]} 72. Kd4
{[%clk 1:13:14]} Qd6+ {[%clk 0:15:14]} 73. Ke3 {[%clk 1:13:28]} Qe5+
{[%clk 0:15:00]} 74. Kf2 {[%clk 1:13:50]} Qd4+ {[%clk 0:15:06]} 75. Kg3
{[%clk 1:13:57]} Qe5+ {[%clk 0:15:22]} 76. Kh3 {[%clk 1:14:16]} Qe6+
{[%clk 0:15:45]} 77. g4 {[%clk 1:14:25]} Qe8 {[%clk 0:15:51]} 78. Qc3
{[%clk 1:12:57]} Qf8 {[%clk 0:15:48]} 79. Kg2 {[%clk 1:12:48]} Qe8
{[%clk 0:15:45]} 80. Qc2 {[%clk 1:12:30]} Qa8+ {[%clk 0:14:50]} 81. Kg1
{[%clk 1:12:40]} Qe8 {[%clk 0:15:00]} 82. Kh2 {[%clk 1:12:06]} Qe5+
{[%clk 0:15:16]} 83. Kg2 {[%clk 1:12:22]} Qd5+ {[%clk 0:15:40]} 84. Kf2
{[%clk 1:12:04]} Qd4+ {[%clk 0:16:01]} 85. Kf3 {[%clk 1:11:58]} Qd5+
{[%clk 0:16:21]} 86. Kg3 {[%clk 1:11:57]} Qe5+ {[%clk 0:16:46]} 87. Kh3
{[%clk 1:07:40]} Qe3+ {[%clk 0:17:06]} 88. Kg2 {[%clk 1:07:48]} Qxa3
{[%clk 0:16:13]} 89. Qc8+ {[%clk 1:08:03]} 1/2-1/2

[Event "EYCC 2024 - O08"]
[Site "?"]
[Date "2024.08.26"]
[Round "5.5"]
[White "Veladzic, Isak"]
[Black "Zidek, Damian"]
[Result "1/2-1/2"]
[BlackElo "1582"]
[WhiteElo "1788"]
[LiveChessVersion "1.4.8"]

1. d4 {[%clk 1:30:47]} e6 {[%clk 1:30:52]} 2. c4 {[%clk 1:30:47]} Nf6
{[%clk 1:31:13]} 3. Nf3 {[%clk 1:30:47]} b6 {[%clk 1:31:34]} 4. Nc3
{[%clk 1:30:34]} Bb4 {[%clk 1:31:51]} 5. Bd2 {[%clk 1:29:52]} Bb7
{[%clk 1:31:47]} 6. e3 {[%clk 1:28:44]} c5 {[%clk 1:31:44]} 7. Be2
{[%clk 1:25:37]} d6 {[%clk 1:31:14]} 8. a3 {[%clk 1:23:49]} Bxc3 {[%clk 1:31:07]}
9. Bxc3 {[%clk 1:23:17]} Ne4 {[%clk 1:31:04]} 10. O-O {[%clk 1:21:48]} Nxc3
{[%clk 1:31:16]} 11. bxc3 {[%clk 1:22:12]} O-O {[%clk 1:31:22]} 12. Qc2
{[%clk 1:20:40]} Nd7 {[%clk 1:30:58]} 13. Rad1 {[%clk 1:17:50]} Qc7
{[%clk 1:31:12]} 14. Ng5 {[%clk 1:15:36]} Nf6 {[%clk 1:30:34]} 15. d5
{[%clk 1:11:08]} e5 {[%clk 1:29:39]} 16. Bd3 {[%clk 1:04:18]} h6 {[%clk 1:29:32]}
17. Ne4 {[%clk 1:03:43]} Nxe4 {[%clk 1:29:26]} 18. Bxe4 {[%clk 1:03:39]} Bc8
{[%clk 1:28:55]} 19. Rb1 {[%clk 1:00:38]} f5 {[%clk 1:28:19]} 20. Bf3
{[%clk 0:55:52]} Qf7 {[%clk 1:27:41]} 21. e4 {[%clk 0:52:30]} f4 {[%clk 1:27:46]}
22. Qe2 {[%clk 0:51:35]} Kh7 {[%clk 1:27:12]} 23. a4 {[%clk 0:47:44]} Ba6
{[%clk 1:24:57]} 24. Bg4 {[%clk 0:46:17]} Bc8 {[%clk 1:23:52]} 25. Bf3
{[%clk 0:39:06]} Qc7 {[%clk 1:22:26]} 26. Ra1 {[%clk 0:35:36]} Bd7
{[%clk 1:20:57]} 27. Rfb1 {[%clk 0:33:47]} Rfb8 {[%clk 1:19:00]} 28. Bg4
{[%clk 0:30:19]} g5 {[%clk 1:14:41]} 29. Bh5 {[%clk 0:26:43]} Be8
{[%clk 1:13:36]} 30. Bxe8 {[%clk 0:24:31]} Rxe8 {[%clk 1:13:37]} 31. Qg4
{[%clk 0:21:35]} Qc8 {[%clk 1:13:08]} 32. Qh5 {[%clk 0:18:09]} Re7
{[%clk 1:12:47]} 33. a5 {[%clk 0:15:37]} Rb7 {[%clk 1:05:55]} 34. Rb5
{[%clk 0:13:29]} Qe8 {[%clk 1:03:31]} 35. Qg4 {[%clk 0:12:10]} Qc8
{[%clk 1:02:56]} 36. Qe2 {[%clk 0:10:15]} Rab8 {[%clk 1:02:30]} 37. Qa2
{[%clk 0:09:29]} a6 {[%clk 1:01:05]} 38. Rb2 {[%clk 0:08:11]} b5 {[%clk 0:59:22]}
39. cxb5 Rxb5 {[%clk 0:59:09]} 40. Rab1 {[%clk 0:06:48]} R5b7 {[%clk 0:56:26]}
41. Rb6 {[%clk 0:05:54]} Rxb6 {[%clk 0:48:40]} 42. Rxb6 {[%clk 0:06:07]} Rxb6
{[%clk 0:47:19]} 43. axb6 {[%clk 0:06:30]} Qb7 {[%clk 0:47:39]} 44. Qa5
{[%clk 0:06:32]} Kg6 {[%clk 0:47:38]} 45. f3 {[%clk 0:06:08]} Kf7
{[%clk 0:44:36]} 46. c4 {[%clk 0:05:51]} Ke7 {[%clk 0:44:03]} 47. Kf1
{[%clk 0:05:18]} Kd8 {[%clk 0:43:44]} 48. Ke2 {[%clk 0:04:42]} Ke7
{[%clk 0:43:56]} 49. h3 {[%clk 0:04:40]} Kd8 {[%clk 0:43:27]} 50. Kf2
{[%clk 0:04:05]} Ke7 {[%clk 0:43:03]} 51. g3 {[%clk 0:04:11]} Kd8
{[%clk 0:41:55]} 52. gxf4 {[%clk 0:04:13]} gxf4 {[%clk 0:42:02]} 53. Kg2
{[%clk 0:04:18]} Qg7+ {[%clk 0:41:14]} 54. Kf1 {[%clk 0:04:17]} Qb7
{[%clk 0:40:51]} 55. h4 {[%clk 0:03:43]} Kc8 {[%clk 0:38:22]} 56. Qa4
{[%clk 0:03:06]} Qxb6 {[%clk 0:34:06]} 57. Qe8+ {[%clk 0:03:26]} Kb7
{[%clk 0:33:49]} 58. Qg6 {[%clk 0:02:53]} Qb3 {[%clk 0:32:33]} 1/2-1/2

[Event "EYCC 2024 - O08"]
[Site "?"]
[Date "2024.08.26"]
[Round "5.6"]
[White "Arsenijevic, Matija"]
[Black "Zolotarev, Iaroslav"]
[Result "1-0"]
[BlackElo "1569"]
[WhiteElo "1760"]
[LiveChessVersion "1.4.8"]

1. d4 {[%clk 1:30:57]} d5 {[%clk 1:30:53]} 2. c4 {[%clk 1:31:19]} e6
{[%clk 1:31:16]} 3. Nc3 {[%clk 1:31:24]} c6 {[%clk 1:31:34]} 4. Bf4
{[%clk 1:30:47]} Nf6 {[%clk 1:31:06]} 5. e3 {[%clk 1:30:46]} Nbd7
{[%clk 1:29:14]} 6. cxd5 {[%clk 1:28:35]} exd5 {[%clk 1:28:17]} 7. Bd3
{[%clk 1:27:25]} Be7 {[%clk 1:27:56]} 8. Nf3 {[%clk 1:25:10]} Nh5
{[%clk 1:24:30]} 9. Be5 {[%clk 1:22:10]} f6 {[%clk 1:21:41]} 10. Bg3
{[%clk 1:21:54]} Nxg3 {[%clk 1:21:00]} 11. hxg3 {[%clk 1:21:01]} Nf8
{[%clk 1:15:45]} 12. Qc2 {[%clk 1:17:24]} Qb6 {[%clk 1:10:50]} 13. Nh4
{[%clk 1:09:18]} Rg8 {[%clk 1:03:19]} 14. Nf5 {[%clk 1:05:20]} Bxf5
{[%clk 0:59:24]} 15. Bxf5 {[%clk 1:05:38]} g6 {[%clk 0:59:39]} 16. Bd3
{[%clk 1:05:08]} O-O-O {[%clk 0:59:30]} 17. O-O-O {[%clk 1:03:36]} h5
{[%clk 0:57:06]} 18. Nxd5 {[%clk 1:02:36]} Rxd5 {[%clk 0:56:26]} 19. Bc4
{[%clk 1:02:03]} Kb8 {[%clk 0:53:15]} 20. e4 {[%clk 1:02:27]} Rxd4
{[%clk 0:49:17]} 21. Rxd4 {[%clk 1:02:16]} Qxd4 {[%clk 0:48:42]} 22. Bxg8
{[%clk 1:02:36]} Bc5 {[%clk 0:46:45]} 23. Rf1 {[%clk 1:02:31]} g5
{[%clk 0:42:38]} 24. Qd2 {[%clk 1:02:23]} Qxd2+ {[%clk 0:42:16]} 25. Kxd2
{[%clk 1:02:44]} Ng6 {[%clk 0:40:58]} 26. Bf7 {[%clk 1:02:53]} Ne5
{[%clk 0:39:33]} 27. Bxh5 {[%clk 1:02:51]} Nc4+ {[%clk 0:39:22]} 28. Kc3
{[%clk 1:03:02]} Nd6 {[%clk 0:39:23]} 29. Kd3 {[%clk 1:03:22]} Kc7
{[%clk 0:38:40]} 30. f4 {[%clk 1:03:31]} gxf4 {[%clk 0:38:12]} 31. gxf4
{[%clk 1:03:54]} f5 {[%clk 0:37:21]} 32. exf5 {[%clk 1:04:12]} Nxf5
{[%clk 0:37:27]} 33. Re1 {[%clk 1:03:45]} Kd6 {[%clk 0:36:17]} 34. Bg4
{[%clk 1:03:32]} Ne3 {[%clk 0:36:12]} 35. Rxe3 {[%clk 1:03:53]} 1-0

[Event "EYCC 2024 - O08"]
[Site "?"]
[Date "2024.08.26"]
[Round "5.7"]
[White "Huzela, Lukyan"]
[Black "Petrenko, Tymofii"]
[Result "1-0"]
[BlackElo "1696"]
[WhiteElo "1577"]
[LiveChessVersion "1.4.8"]

1. e4 {[%clk 1:30:52]} c5 {[%clk 1:30:54]} 2. Nf3 {[%clk 1:31:15]} d6
{[%clk 1:31:12]} 3. c3 {[%clk 1:31:18]} Nf6 {[%clk 1:30:51]} 4. Be2
{[%clk 1:31:08]} g6 {[%clk 1:31:04]} 5. d4 {[%clk 1:26:38]} cxd4 {[%clk 1:29:44]}
6. Qxd4 {[%clk 1:26:25]} Nc6 {[%clk 1:28:40]} 7. Bb5 {[%clk 1:24:30]} Bg7
{[%clk 1:19:51]} 8. e5 {[%clk 1:24:19]} Nd7 {[%clk 1:19:25]} 9. Bxc6
{[%clk 1:24:20]} bxc6 {[%clk 1:19:47]} 10. Bf4 {[%clk 1:24:07]} O-O
{[%clk 1:18:51]} 11. O-O {[%clk 1:16:59]} Bb7 {[%clk 1:09:51]} 12. Qe3
{[%clk 1:13:57]} d5 {[%clk 1:06:23]} 13. e6 {[%clk 1:08:51]} Nb6 {[%clk 1:04:30]}
14. Ng5 {[%clk 1:04:54]} f6 {[%clk 0:59:09]} 15. Nf3 {[%clk 0:58:49]} Nc4
{[%clk 0:54:26]} 16. Qe2 {[%clk 0:58:16]} a5 {[%clk 0:51:35]} 17. b3
{[%clk 0:51:43]} Nd6 {[%clk 0:50:35]} 18. Nbd2 {[%clk 0:50:46]} a4
{[%clk 0:41:37]} 19. Rfd1 {[%clk 0:48:51]} Re8 {[%clk 0:37:29]} 20. c4
{[%clk 0:36:24]} Qa5 {[%clk 0:37:33]} 21. Re1 {[%clk 0:34:09]} axb3
{[%clk 0:36:13]} 22. Nxb3 {[%clk 0:31:59]} Qa7 23. Bxd6 {[%clk 0:16:18]} exd6
{[%clk 0:31:35]} 24. e7 {[%clk 0:16:35]} f5 25. Qe6+ {[%clk 0:14:51]} Kh8
{[%clk 0:31:13]} 26. Ng5 {[%clk 0:14:44]} h6 {[%clk 0:31:17]} 27. Nf7+
{[%clk 0:14:12]} Kh7 {[%clk 0:31:40]} 28. Nxd6 {[%clk 0:14:24]} Bc8
{[%clk 0:31:09]} 29. Nxc8 {[%clk 0:13:10]} Raxc8 {[%clk 0:31:33]} 30. Qf7
{[%clk 0:13:23]} dxc4 {[%clk 0:31:20]} 31. Nd2 {[%clk 0:11:36]} Qd4
{[%clk 0:31:30]} 32. Nxc4 {[%clk 0:11:07]} Qc5 {[%clk 0:29:40]} 33. Rad1
{[%clk 0:10:58]} Rb8 {[%clk 0:28:42]} 34. Nd6 {[%clk 0:11:08]} Rb2
{[%clk 0:27:17]} 35. Rf1 {[%clk 0:09:48]} Rxe7 {[%clk 0:25:50]} 36. Qxe7
{[%clk 0:09:28]} Rxa2 {[%clk 0:22:58]} 37. Nxf5 {[%clk 0:09:33]} Qxf5
{[%clk 0:22:49]} 38. Rd7 {[%clk 0:09:56]} Qxd7 {[%clk 0:23:07]} 39. Qxd7
{[%clk 0:10:24]} h5 {[%clk 0:23:19]} 40. Qxc6 {[%clk 0:10:47]} h4
{[%clk 0:23:43]} 41. Qc4 {[%clk 0:11:05]} Ra5 {[%clk 0:24:05]} 42. Qxh4+
{[%clk 0:11:19]} Rh5 {[%clk 0:24:31]} 43. Qe7 {[%clk 0:11:21]} Kh6
{[%clk 0:24:50]} 44. g4 {[%clk 0:11:38]} Rg5 {[%clk 0:25:13]} 45. h3
{[%clk 0:11:55]} Be5 {[%clk 0:25:09]} 46. f4 {[%clk 0:12:16]} Bd4+
{[%clk 0:25:30]} 47. Kg2 {[%clk 0:12:46]} Rxg4+ {[%clk 0:25:21]} 48. hxg4
{[%clk 0:13:05]} Bf6 {[%clk 0:25:18]} 49. Qxf6 {[%clk 0:13:20]} Kh7
{[%clk 0:25:41]} 50. Re1 {[%clk 0:13:41]} Kh6 {[%clk 0:26:01]} 51. Rh1#
{[%clk 0:14:06]} 1-0